Sanat - "Sydämeeni joulun teen" - Statistics

Yleistilastot
  • Tätä visaa on pelattu 121 kertaa
    120 viimeisimmän päivityksen jälkeen
  • Keskiarvotulos 98 / 134
Vastaustilastot
Vastaus % Oikein
ja
95%
joulun
92%
sydämeeni
92%
teen
92%
mieleen
90%
syntyy
90%
uudelleen
90%
hiljaiseen
89%
Jeesus-lapsi
89%
jeesus-lapsi
89%
taas
87%
Näin
85%
näin
85%
On
82%
on
82%
jouluyö
77%
se
77%
sen
76%
hiljaisuutta
71%
kuuntelen
71%
sydämeni
71%
kieli
69%
yksin
69%
mieli
63%
tähdet
61%
loistaen
60%
öistä
60%
sanaton
60%
avaruutta
58%
avoin
56%
vain
56%
kaipaa
55%
kuin
53%
maa
53%
lumihuntuun
52%
pukee
52%
pukeutunut
52%
olla
47%
rauha
45%
saa
45%
sisimpään
45%
kaikkeutta
44%
tuntuun
44%
voisin
44%
leijuu
42%
oisin
42%
suurta
42%
harras
40%
itse
40%
kynttilät
40%
sävel
40%
sisälläni
40%
soisi
40%
syvä
40%
virittymään
40%
yhtä
40%
ikuisuutta
39%
loistaa
39%
osa
39%
puhdas
39%
ajatukset
37%
hämärään
37%
kirkkautta
37%
mieleni
37%
täynnä
37%
kultanauhat
35%
vaan
23%
Ehtoja vastaavia visoja ei löytynyt
Tulosjakauma
Jokaisen tuloksen saaneiden osuus
Persentiili vastausten määrän mukaan
Tuloshistoriasi
Et ole pelannut tätä visaa sen viimeisimmän päivityksen jälkeen